Is It That Canadian City? Quiz Stats

 Plays Quiz Updated Jul 1, 2018

Challenge
Share
Tweet
Score 0/30 Timer 06:00
0 Plays Today
% Correct
Of course not! (Vancouver)
90.6%
Yes! (Calgary)
86.2%
Yes! (Winnipeg)
84%
Yes! (Yellowknife)
79%
Yes! (Charlottetown)
77.3%
Yes! (Alert)
73.7%
Yes! (Ottawa)
71.1%
Yes! (Kelowna)
64.7%
Yes! (Sherbrooke)
62.9%
Yes! (Moncton)
62%
No! (Halifax)
57.9%
Yes! (Labrador City)
57.7%
Yes! (Medicine Hat)
57.7%
No! (Quebec City)
55%
Yes! (Sydney)
54.8%
% Correct
Yes! (Kenora)
54.7%
No! (St. John's)
53%
Yes! (Ross River)
49.9%
Yes! (La Ronge)
49.2%
No! (Sault Ste. Marie)
44.7%
No! (Inuvik)
43.8%
No! (London)
41.8%
No! (Thompson)
39.4%
No! (Arviat)
36.8%
No! (Whitehorse)
35.5%
No! (Regina)
34.7%
No! (Bathurst)
33.4%
No! (Smithers)
32.6%
No! (Fort McMurray)
29%
No! (Sept-Îles)
23.6%

You're not logged in!

Compare scores with friends on all Sporcle quizzes.
Join for Free
OR
Log In

You Might Also Like...

Show Comments

Extras

Top Quizzes Today


Score Distribution

Your Account Isn't Verified!

In order to create a playlist on Sporcle, you need to verify the email address you used during registration. Go to your Sporcle Settings to finish the process.

Report this User

Report this user for behavior that violates our Community Guidelines.

Details: